• 首页
  • 本馆介绍
  • 公告通知
  • 最新文献
  • 馆藏检索
  • 电子资源
  • 读者导购
  • 参考咨询
  • 我的图书馆
  • 登录
  • 详细信息显示
  • 放入我的书架
  • 预约/预借图书
  • 作者相关作品
  • 分类相关作品
  • 丛书相关作品
  • 出版社相关作品

书目信息

  • 表格格式
  • 工作单格式
  • 卡片格式
题名:
工业企业财务管理
    
 
作者: 王庆成 编著
分册:  
出版信息: 北京   中国人民大学出版社  1991.6
页数: 353页
开本: 26cm
丛书名:
单 册:
中图分类: F40 , F406.72
科图分类: 29.2474
主题词: 工业企业管理∶财务管理 , 财务管理∶工业企业管理
电子资源:
ISBN: 7-300-00213-7
000 00901nam0 2200289 450
001 100903173104.0
005 20101105175735.0
010    @a7-300-00213-7@dCNY3.40
011    @a7-300-00213-7
100    @a20010705d1991 em y0chiy0121 ea
101 0  @achi
102    @aCN@b110000
105    @ay z 000zy
106    @ar
200 1  @a工业企业财务管理@9Gong Ye Qi Ye Cai Wu Guan Li @f王庆成等编著@FWANG QING CHENG DENG BIAN ZHU
210    @a北京@c中国人民大学出版社@d1991.6
215    @a353页@d26cm
330    @a本书系统介绍了企业财务管理的方法及理论,反映了经济体制改革给企业财务管理体制所带来的变化。
540 1  @a财务 管理@9CAI WU GUAN LI
606    @a工业企业管理∶财务管理
606    @a财务管理∶工业企业管理
690    @aF40@v3
690    @aF406.72
692    @a29.2474
701  0 @a王庆成@9WANG QING CHENG@4编著
801  0 @aCN@bAzMarc@c20130904
905    @aBZT@dF40@e25@f2@sF40/25
    
    工业企业财务管理/王庆成等编著.-北京:中国人民大学出版社,1991.6
    353页;26cm
    
    
    ISBN 7-300-00213-7:CNY3.40
    本书系统介绍了企业财务管理的方法及理论,反映了经济体制改革给企业财务管理体制所带来的变化。
●
相关链接 在五车中查询图书 在当当中查询图书 在豆瓣中查询图书


正题名:工业企业财务管理     索取号:F40/25         预约/预借

序号 登录号 条形码 馆藏地/架位号 状态 备注
1 2000099482   2000099482   旧书回溯/ [索取号:F40/25] 在馆    
2 2000099483   2000099483   旧书回溯/ [索取号:F40/25] 在馆    
山东省滨州职业学院图书馆 欢迎您!
大连网信软件有限公司© 版权所有